| 000 | 00734nam a2200253 a 4500 | ||
|---|---|---|---|
| 999 |
_c2338 _d2338 |
||
| 001 | 12414 | ||
| 003 | BD-DhUAP | ||
| 005 | 20200223135003.0 | ||
| 008 | 200223s1999 nyua 001 0 eng d | ||
| 020 | _a9780195678390 | ||
| 040 |
_aBD-DhUAP _cBD-DhUAP _dBD-DhUAP _bEng |
||
| 082 |
_a711 URB _223 |
||
| 245 |
_aUrban studies / _cedited by Sujata Patel and Kushal Deb. |
||
| 260 |
_aNew Delhi : _bOxford university press, _cc2006. |
||
| 300 |
_ax, 486 pages ; _c21 cm. |
||
| 500 | _aIncludes index. | ||
| 650 | _aCities and towns -- India. | ||
| 650 | _aSociology, Urban -- India. | ||
| 700 | _aPatel, Sujata | ||
| 700 | _aDeb, Kushal | ||
| 942 |
_2ddc _cBK |
||